|
|
|
|
| LEADER |
00000cam a2200000 7i4500 |
| 001 |
0000065786 |
| 005 |
20120430.0 |
| 008 |
090319 bm |
| 020 |
|
|
|a 9789831978191
|
| 090 |
0 |
0 |
|a 745.4941 NUR
|
| 100 |
1 |
|
|a Nur Astri Damayanti
|
| 245 |
1 |
0 |
|a Seni Lipatan Kain Untuk Hantaran Perkahwinan :
|b Gubahan Kreatif Untuk Hari Bahagia Anda
|c Nur Astri Damayanti,Hj.Tati Chusen Dan Noor Hazlinda Ibrahim
|
| 260 |
|
|
|a Kuala Lumpur :
|b Synergy Media ,
|c [ ]
|
| 300 |
|
|
|a iv,60p. :
|b col. ill. ;
|c 26cm.
|
| 440 |
|
0 |
|a Siri Seni Kreatif
|
| 650 |
0 |
0 |
|a Handicraft
|
| 999 |
|
|
|a 0000006421
|b Buku
|c Rak Terbuka
|e Perbadanan Perpustakaan Awam Melaka
|
| 999 |
|
|
|a 0000124556
|b Buku
|c Rak Terbuka
|e Perpustakaan Komuniti UTC Melaka
|